| 000 | 01327nam a2200349 c 4500 | ||
|---|---|---|---|
| 999 |
_c341534 _d341534 |
||
| 003 | BLK | ||
| 005 | 20191024133506.0 | ||
| 008 | 180911b bul|||||r ||||||| ||bul|| | ||
| 040 | _aBLK | ||
| 041 |
_aBUL _cBUL |
||
| 080 | _z77.041.5 | ||
| 080 |
_z929 Арнаудов, Михаил Петров _aБългарски фолклорист, литературен историк, етнограф _b929 Арнаудов, Михаил Петров |
||
| 245 | _aМихаил Арнаудов в кабинета си | ||
| 300 | _c13 Х 18 см | ||
| 380 | _a7 | ||
| 490 |
_aЧастна колекция - Академик Михаил Арнаудов _gДарение - Основен фонд |
||
| 505 | _tНа гърба на снимката надпис от фотографа: На акад. проф. Михаил Арнаудов сърдечен спомен - от (фотографа) Ст. Лазаров София, 16. І. 72 ( София, 9. І. 72) - Оригинал | ||
| 852 | _aМА 5045 | ||
| 942 |
_cPHO _n0 _s1 |
||
| 999 | _d341534 | ||